| 000 | 00364nam a2200145Ia 4500 | ||
|---|---|---|---|
| 008 | 240624s9999 xx 000 0 und d | ||
| 041 | _aeng | ||
| 082 | _a332.1 MAC | ||
| 100 | _aMACDONALD S SCOTT | ||
| 245 | _aMANAGEMENT OF BANKING | ||
| 250 | _a(6th ed.) | ||
| 260 |
_c2007 _aNew Delhi _bCengage Learning |
||
| 300 | _a562 : p. : cm. ; 24 | ||
| 365 |
_cRS _b33.33 |
||
| 999 |
_c12370 _d12370 |
||